000
00284nam a2200121Ia 4500
008
190216s9999||||xx |||||||||||||| ||und||
100
_a
Vallathol
245
0
_a
Bapuji
260
_b
"Vallathol Grandhalayam, Cheruthuruthi"
_c
1969
300
_a
71p
650
_a
Kavithkal
942
_c
BK
999
_c
25757
_d
25757